La mujer hoy y mañana / (Record no. 90784)

MARC details
000 -LEADER
campo de control de longitud fija 00656nam a2200229 i 4500
001 - NÚMERO DE CONTROL
campo de control 90784
003 - IDENTIFICADOR DE NÚMERO DE CONTROL
campo de control ES-MaACL
005 - FECHA Y HORA DE LA ÚLTIMA TRANSACCIÓN
campo de control 20250807065803.0
007 - CAMPO FIJO DE DESCRIPCIÓN FÍSICA--INFORMACIÓN GENERAL
campo de control de longitud fija t|
008 - DATOS DE LONGITUD FIJA--INFORMACIÓN GENERAL
campo de control de longitud fija 050124s1968 sp ||||1| spa d
080 ## - NÚMERO DE LA CLASIFICACIÓN DECIMAL UNIVERSAL
Número de la Clasificación Decimal Universal 305-055.2
100 1# - ENTRADA PRINCIPAL--NOMBRE DE PERSONA
Nombre de persona Leclercq, Jacques.
9 (RLIN) 71094
245 13 - MENCIÓN DEL TÍTULO
Título La mujer hoy y mañana /
Mención de responsabilidad, etc. Jacques Leclercq ; [tradujo María Teresa Herrera].
260 ## - PUBLICACIÓN, DISTRIBUCIÓN, ETC.
Lugar de publicación, distribución, etc. Salamanca :
Nombre del editor, distribuidor, etc. Sígueme,
Fecha de publicación, distribución, etc. 1968.
300 ## - DESCRIPCIÓN FÍSICA
Extensión 134 p. ;
Dimensiones 19 cm.
490 1# - MENCIÓN DE SERIE
Mención de serie Hinneni ;
Designación de volumen o secuencia 93
650 #7 - PUNTO DE ACCESO ADICIONAL DE MATERIA--TÉRMINO DE MATERIA
Término de materia o nombre geográfico como elemento de entrada Mujeres
Fuente del encabezamiento o término embne
9 (RLIN) 15251
700 1# - ENTRADA AGREGADA--NOMBRE PERSONAL
Nombre de persona Herrera, María Teresa.
9 (RLIN) 63209
830 1# - PUNTO DE ACCESO ADICIONAL DE SERIE-TÍTULO UNIFORME
Título uniforme Hinneni ;
Designación de volumen o secuencia 93
9 (RLIN) 180790
852 4# - LOCALIZACIÓN
Ubicación ES-MaACL
Número de control de estantería C-51064
Holdings
Estatus retirado Estado de pérdida Estado de daño No para préstamo Biblioteca de origen Biblioteca actual Ubicación en estantería Fecha de adquisición Fuente de adquisición Total de préstamos Signatura topográfica completa Código de barras Visto por última vez Precio de reemplazo Tipo de ítem Koha
        Biblioteca del Ateneo de Madrid Biblioteca del Ateneo de Madrid Depósito 2 17/01/2008     C-51064 1094789 23/02/2023 23/02/2023 Libro impreso